| 000 | 01012naa a22002777a 4500 | ||
|---|---|---|---|
| 001 | BR9403053 | ||
| 003 | BR-BrBNA | ||
| 005 | 20250721155456.0 | ||
| 007 | ta | ||
| 008 | 250630b bl.|||m| |||| 00| 0 por d | ||
| 040 |
_aBR-BrBNA _bpor _cBiblioteca Nacional de Agricultura |
||
| 041 | _a(Pt) | ||
| 072 | _aP40; L20 | ||
| 090 | _aP40 BR9403053 | ||
| 100 | 1 | _aMachado, M.L. da S. | |
| 100 | 1 | _aGrodzki, L. | |
| 245 | 1 | _aAspectos climaticos regionais e a ecologia zootecnica | |
| 500 | _aA producao animal na agricultura familiar do centro-sul do Parana Londrina, PR (Brasil): 1994. p. 25-37 [6 ref.] (BR9403053-AMS) | ||
| 773 | 0 |
_tA producao animal na agricultura familiar do centro-sul do Parana _wP40 BR9403053 _gLondrina, PR (Brasil), 1994. p. 25-37 |
|
| 650 | _aClimatologia | ||
| 650 | _aZoneamento Ecologico | ||
| 650 | _aParana | ||
| 490 |
_aBoletim Tecnico - Instituto Agronomico do Parana (Brazil) _vno. 42 _xISSN 0100-3054 |
||
| 942 |
_cAMS _2AGRIS |
||
| 909 |
_a202506 _bLúcia _c55 _dLúcia Elande |
||
| 999 |
_c336712 _d336712 |
||